000 00285nam a22001217a 4500
008 171016b xxu||||| |||| 00| 0 eng d
041 _aeng
080 _a331.101.262
100 _a52
101 _aBNJ
245 _aFOUNDATIONS OF BEHAVIORAL RESEARCH
_cKERLINGER,F.N
942 _2udc
_cBK
999 _c34272
_d34272